000 nam a22 7a 4500
999 _c128353
_d128353
008 181009b xxu||||| |||| 00| 0 eng d
050 _aBX1683.Z5
_bW489
100 _aWermter, Oskar
_915199
245 _aMbare reports 2005-2012
_cOskar Wermter
260 _aHarare
_bKonrad Adenauer Stiftung
_c2013
300 _avi, 148p. ;
_c21cm.
650 _aCatholic Church in Zimbabwe
_98883
942 _2lcc
_cMONOGRAPH